| 000 | 00449nam a2200169Ia 4500 | ||
|---|---|---|---|
| 008 | 230917s9999||||xx |||||||||||||| ||und|| | ||
| 020 | _cRS950 | ||
| 040 |
_e243793 _aMAIN |
||
| 041 | _aEnglish | ||
| 082 | _a361 O8S | ||
| 100 | _aOtta, Braja Mohan | ||
| 245 | 0 | _aSocial work: Theory and practices | |
| 260 |
_aNew Delhi _bS K Book Agency _c2014 |
||
| 300 | _a248 p. | ||
| 500 | _a2962 06/12/2017 RBP18/68129 14/12/2017 Main Budget | ||
| 942 | _cBK | ||
| 999 |
_c24847 _d24847 |
||